Southville International School and Colleges
Your cart is empty.
  • Cart
  • Lists
    Public lists list_1 View all
    Your lists Log in to create your own lists
  • Log in to your account
  • Your cookies
  • Search history
Southville International School and Colleges
  • Advanced search
  • Recent comments
  • Most popular
  • Libraries

Log in to your account

Log in with GOOGLE


If you do not have an external account, but do have a local account, you can still log in:

  1. Home
  2. MARC view: David and Goliath.
Normal view MARC view ISBD view

David and Goliath. (Record no. 111255)

[ view plain ]
MARC details
000 -LEADER
fixed length control field 00421nam a2200169 a 4500
001 - CONTROL NUMBER
control field 0534
005 - DATE AND TIME OF LATEST TRANSACTION
control field 20140414131912.0
008 - FIXED-LENGTH DATA ELEMENTS--GENERAL INFORMATION
fixed length control field 040128s19uu xx 00 eng d
020 ## - INTERNATIONAL STANDARD BOOK NUMBER
International Standard Book Number 0-7853-2835-1
050 ## - LIBRARY OF CONGRESS CALL NUMBER
Classification number ER
Item number D95 1998
245 ## - TITLE STATEMENT
Title David and Goliath.
260 ## - PUBLICATION, DISTRIBUTION, ETC. (IMPRINT)
Place of publication, distribution, etc China :
Name of publisher, distributor, etc Publication International,
Date of publication, distribution, etc 1998.
300 ## - PHYSICAL DESCRIPTION
Extent p. ; cm.
440 ## - SERIES STATEMENT/ADDED ENTRY--TITLE
Title Little Classics
650 ## - SUBJECT ADDED ENTRY--TOPICAL TERM
Topical term or geographic name as entry element Bible stories.
Holdings
Withdrawn status Lost status Damaged status Use restrictions Home library Current library Shelving location Date acquired Source of acquisition Total Checkouts Full call number Barcode Date last seen Price effective from Koha item type
        Munich Library Munich Library Easy Reading Section 01/28/2004     ER D95 1998 M1880 04/14/2014 04/14/2014 Books

David and Goliath.

APA

(1998). David and Goliath. China: Publication International.

Chicago

1998. David and Goliath. China: Publication International.

Harvard

(1998). David and Goliath. China: Publication International.

MLA

David and Goliath. China: Publication International. 1998.

  • Place hold
  • Print
  • Cite
  • Add to your cart (remove)
  • Save record
    BIBTEX Dublin Core MARCXML MARC (non-Unicode/MARC-8) MARC (Unicode/UTF-8) MARC (Unicode/UTF-8, Standard) MODS (XML) RIS
  • More searches
    Search for this title in:
    Other Libraries (WorldCat) Other Databases (Google Scholar) Online Stores (Bookfinder.com) Open Library (openlibrary.org)

Exporting to Dublin Core...

SOUTHVILLE LIBRARY

Southville International School and Colleges Library

1281 Tropical Ave. Cor. Luxembourg St., BF Homes International, Las Pinas City

Tel. No. 8256374 / 252358 Loc. 117/146

Powered by Koha